Творчество Ф. М. Достоевского: проблемы, жанры, интерпретации (Запись № 13514717)

Подробности
000 -МАРКЕР
контрольное поле 02915nam0a2200397 4500
001 - ИДЕНТИФИКАТОР ЗАПИСИ
контрольное поле RU\NLR\BIBL_A\022689902
005 - ИДЕНТИФИКАТОР ВЕРСИИ
контрольное поле 20260115173805.0
010 ## - МЕЖДУНАРОДНЫЙ СТАНДАРТНЫЙ НОМЕР КНИГИ (ISBN)
Номер (ISBN) 978-5-8353-3173-4
Тираж 150
021 ## - НОМЕР ГОСУДАРСТВЕННОЙ РЕГИСТРАЦИИ
Код страны Российская Федерация
Номер КН-П-25-066425
Номер Листа государственной регистраци КН-П-25-6426
035 ## - ДРУГИЕ СИСТЕМНЫЕ НОМЕРА
Идентификатор записи (NLR Aleph) 022689902
100 ## - ДАННЫЕ ОБЩЕЙ ОБРАБОТКИ
Данные общей обработки 20251217d2024 k y0rusy50 ca
101 0# - ЯЗЫК РЕСУРСА
Язык текста, звукозаписи и т.д. русский
Язык резюме английский
102 ## - СТРАНА ПУБЛИКАЦИИ ИЛИ ПРОИЗВОДСТВА
Страна публикации Российская Федерация
105 ## - ПОЛЕ КОДИРОВАННЫХ ДАННЫХ: ТЕКСТОВЫЕ МАТЕРИАЛЫ, МОНОГРАФИЧЕСКИЕ
Кодированные данные о монографическом текстовом документе a z 100zd
181 #0 - ПОЛЕ КОДИРОВАННЫХ ДАННЫХ: ВИД СОДЕРЖАНИЯ
Код вида содержания (ISBD) i
Код характеристики содержания (ISBD) axxe
182 #0 - ПОЛЕ КОДИРОВАННЫХ ДАННЫХ: ТИП СРЕДСТВА
Код типа средства (ISBD) n - непосредственное
200 1# - ЗАГЛАВИЕ И СВЕДЕНИЯ ОБ ОТВЕТСТВЕННОСТИ
Основное заглавие Творчество Ф. М. Достоевского: проблемы, жанры, интерпретации
Сведения, относящиеся к заглавию сборник научных статей
-- [материалы Всероссийской (с международным участием) научно-практической конференции, Новокузнецк, 25–27 октября 2023 года]
Первые сведения об ответственности Министерство науки и высшего образования Российской Федерации, Муниципальное автономное учреждение культуры "Литературно-мемориальный музей Ф.И. Достоевского" (г. Новокузнецк) [и др.]
Последующие сведения об ответственности редколлегия: ... И. А. Пушкарева (отв. ред.), В. В. Трубицина
203 ## - ВИД СОДЕРЖАНИЯ И ТИП СРЕДСТВА
Вид содержания Текст
Дополнительные сведения об издании визуальный
Тип средства непосредственный
210 ## - ПУБЛИКАЦИЯ, РАСПРОСТРАНЕНИЕ И ДР.
Место издания, распространения и т.д. Новокузнецк
Имя издателя, распространителя и т. д. КГПИ КемГУ
Место издания, распространения и т.д. Красноярск
Имя издателя, распространителя и т. д. Sitall
Дата издания, распространения и т.д. 2024
215 ## - ФИЗИЧЕСКАЯ ХАРАКТЕРИСТИКА
Специфическое обозначение материала и объем 263 с.
Другие сведения о физической характеристике ил., портр., табл.
Размеры 21
300 ## - ОБЩИЕ ПРИМЕЧАНИЯ
Текст примечания Рез. англ.
309 ## - ПРИМЕЧАНИЯ ОБ ОСНОВНОМ ИСТОЧНИКЕ ИНФОРМАЦИИ И ОБ ОСОБЕННОСТЯХ ПОЛИГРАФИЧЕСКОГО ОФОРМЛЕНИЯ ИЗДАНИЯ
Текст примечания На тит. с. и обл.: выпуск XIV
320 ## - ПРИМЕЧАНИЯ О НАЛИЧИИ В ДОКУМЕНТЕ БИБЛИОГРАФИИ / УКАЗАТЕЛЯ
Текст примечания Библиогр. в конце ст. и в подстроч. примеч.
600 #1 - ИМЯ ЛИЦА КАК ПРЕДМЕТ
Начальный элемент ввода Достоевский
Часть имени, кроме начального элемента ввода Ф.М.
Расширение инициалов личного имени Федор Михайлович
Даты 1821 - 1881
Формальный подзаголовок Сборники
Код системы nlr_sh1
-- nlr_sh2
Идентификатор авторитетной/нормативной записи RU\NLR\AUTH\66376360
686 2# - ИНДЕКСЫ ДРУГИХ КЛАССИФИКАЦИЙ
Индекс Ш5(2=Р)52-4Достоевский.я43
702 #1 - ИМЯ ЛИЦА - ВТОРИЧНАЯ ОТВЕТСТВЕННОСТЬ
Начальный элемент ввода Достоевский
Часть имени, кроме начального элемента ввода Ф. М.
Даты 1821-1881
Расширение инициалов личного имени Федор Михайлович
Идентификатор авторитетной/нормативной записи RU\NLR\AUTH\77838
Код отношения Объект посвящения
702 #1 - ИМЯ ЛИЦА - ВТОРИЧНАЯ ОТВЕТСТВЕННОСТЬ
Начальный элемент ввода Пушкарева
Часть имени, кроме начального элемента ввода И. А.
Расширение инициалов личного имени Ирина Алексеевна
Код отношения Редактор
711 12 - НАИМЕНОВАНИЕ ОРГАНИЗАЦИИ - АЛЬТЕРНАТИВНАЯ ОТВЕТСТВЕННОСТЬ
Начальный элемент ввода "Творчество Ф. М. Достоевского: проблемы, жанры, интерпретации", всероссийская (с международным участием) научно-практическая конференция
Порядковый номер временной организации и / или порядковый номер ее части 14
Дата проведения временной организации 2023
Место проведения временной организации Новокузнецк
Идентификатор авторитетной/нормативной записи RU\NLR\AUTH\880637158
712 01 - НАИМЕНОВАНИЕ ОРГАНИЗАЦИИ - ВТОРИЧНАЯ ОТВЕТСТВЕННОСТЬ
Начальный элемент ввода Российская Федерация
Структурное подразделение Министерство науки и высшего образования
Идентификатор авторитетной/нормативной записи RU\NLR\AUTH\880480400
Код отношения Прочие
942 ## - ДОПОЛНИТЕЛЬНЫЕ ЭЛЕМЕНТЫ ЗАПИСИ (АБИС)
Тип экземпляра АБИС Книга
980 ## - КОЛЛЕКЦИЯ
Название коллекции Национальная библиография

Нет доступных экземпляров.